| Tag |
First Indicator |
Second Indicator |
Subfields |
| LEADER |
00000cam a2200000Ii 4500 |
| 001 |
in00004170121 |
| 008 |
181109s2018 dcu b 000 0 eng d |
| 005 |
20250318224005.7 |
| 020 |
|
|
|a 1484375394
|q paperback
|
| 020 |
|
|
|a 9781484375396
|
| 035 |
|
|
|a (OCoLC)1061819373
|
| 035 |
|
|
|a (OCoLC)on1061819373
|
| 040 |
|
|
|a YDX
|b eng
|e rda
|c YDX
|d OCLCQ
|d YDXIT
|d UtOrBLW
|
| 043 |
|
|
|a fb-----
|
| 050 |
|
4 |
|a HC800
|b .R4295 2018
|
| 082 |
0 |
4 |
|a 330.967
|2 23
|
| 245 |
0 |
0 |
|a Regional economic outlook.
|p Sub-Saharan Africa.
|p Capital flows and the future of work /
|c prepared by a team led by Papa N'Diaye under the direction of David Robinson.
|
| 246 |
3 |
|
|a Capital flows and the future of work
|
| 264 |
|
1 |
|a Washington, DC :
|b International Monetary Fund,
|c 2018.
|
| 300 |
|
|
|a x, 57 pages ;
|c 29 cm.
|
| 336 |
|
|
|a text
|b txt
|2 rdacontent
|
| 337 |
|
|
|a unmediated
|b n
|2 rdamedia
|
| 338 |
|
|
|a volume
|b nc
|2 rdacarrier
|
| 490 |
1 |
|
|a World economic and financial surveys
|
| 504 |
|
|
|a Includes bibliographical references.
|
| 650 |
|
0 |
|a Capital movements
|z Africa, Sub-Saharan.
|
| 650 |
|
0 |
|a Labor market
|z Africa, Sub-Saharan.
|
| 651 |
|
0 |
|a Africa, Sub-Saharan
|x Economic conditions.
|0 http://id.loc.gov/authorities/subjects/sh85001673
|
| 700 |
1 |
|
|a Ndiaye, Papa,
|e author.
|0 http://id.loc.gov/authorities/names/n99907582
|
| 700 |
1 |
|
|a Robinson, David.
|0 http://id.loc.gov/authorities/names/n79149419
|
| 710 |
2 |
|
|a International Monetary Fund,
|e issuing body.
|0 http://id.loc.gov/authorities/names/n81052755
|
| 830 |
|
0 |
|a World economic and financial surveys.
|0 http://id.loc.gov/authorities/names/n86749587
|
| 852 |
8 |
|
|b pda,print
|z This title is available for the library to purchase for your use. Click the "Purchase It For Me" button to place a request. This item may take 5-10 business days to arrive.
|
| 955 |
|
|
|a Print PDA title
|
| 999 |
f |
f |
|s 251f5533-76af-4bde-8458-38d4c4153d12
|i 81532e9e-59cb-3b61-bdd3-6e41c09db27b
|t 0
|
| 952 |
f |
f |
|a Texas A&M University
|b College Station
|c Sterling C. Evans Library
|d Purchase on Demand
|t 0
|e HC800 .R4295 2018
|h Library of Congress classification
|
| 998 |
f |
f |
|a HC800 .R4295 2018
|t 0
|l Purchase on Demand
|